000 00448 a2200157 4500
001 81568
020 _a9788131716830
082 _a658.80380 KOT
090 _c39792
_d39792
100 _aPhilip Kotler ;Kevin Lane Keller ;Abraham Koshy ; Mithileshwar Jha
245 _aMarketing Management A South Asian Perspective 13th/ed
250 _a13
260 _aDelhi
_bPearson
_c2009
500 _aDOS BS Reference Books
505 _aAHQ Books
942 _acaenust
_k658.80380 KOT
999 _c316641
_d316641